Biblioteca

An introduction to The Apocrypha (Registro nro. 33784)

Detalles MARC
000 -LÍDER
Campo fijo de descripción fija 01778nam a2200337 i 4500
001 - NÚMERO DE CONTROL
Campo de control 768714001
003 - IDENTIFICADOR DEL NÚMERO DE CONTROL
Campo de control CO-MdFUSB
005 - FECHA Y HORA DE LA ULTIMA TRANSACCIÓN
control field 20210226104844.0
007 - CAMPO FIJO DE DESCRIPCIÓN FIJA--INFORMACIÓN GENERAL
Campo fijo de descripción fija ta
008 - ELEMENTOS DE LONGITUD FIJA -- INFORMACIÓN GENERAL
Campo fijo de descripción fija -- Información general 180502t1957 us |||| |||| 00| 0 eng d
020 ## - NÚMERO INTERNACIONAL NORMALIZADO PARA LIBROS
Número Internacional Normalizado del libro 0195023404
040 ## - FUENTE DE CATALOGACIÓN
Agencia de catalogación original CO-MdFUSB
Idioma de catalogación spa
Agencia que realiza la transcripción CO-MdFUSB
Agencia que realiza la modificación CO-MdFUSBC
Convenciones de la descripción rda
041 0# - CÓDIGO DE IDIOMA
Código de idioma para texto/pista de sonido o título separado eng
082 04 - NÚMERO DE CLASIFICACIÓN DECIMAL DEWEY
Número de la edición del Dewey 23
Número de clasificación 229
Clave de autor-Numero de item M5964a
100 1# - ASIENTO PRINCIPAL--NOMBRE PERSONAL
Nombre personal Metzger, Bruce M. (Manning)
Término relacionador autor
245 #3 - TÍTULO
Título del Material An introduction to The Apocrypha
Mención de responsabilidad, etc. / Bruce M. Metzger
264 #1 - PRODUCCIÓN, PUBLICACIÓN, DISTRIBUCIÓN, MANUFACTURA, Y COPYRIGHT
Lugar de producción, publicación, distribución, manufactura New York :
Nombre del productor, publicador, distribuidor Oxford University,
Fecha de producción, publicación, distribución, manufactura, o copyright [1957]
264 #4 - PRODUCCIÓN, PUBLICACIÓN, DISTRIBUCIÓN, MANUFACTURA, Y COPYRIGHT
Fecha de producción, publicación, distribución, manufactura, o copyright ©1957
300 ## - DESCRIPCIÓN FÍSICA
Extensión 274 Páginas
Otros detalles físicos :
Dimensiones ; 22 cm
336 ## - TIPO DE CONTENIDO
Fuente rdacontent
Término de tipo de contenido texto
Código de tipo de contenido txt
337 ## - TIPO DE MEDIO
Fuente rdamedia
Nombre del tipo de medio sin mediación
Código del tipo de medio n
338 ## - TIPO DE SOPORTE
Fuente rdacarrier
Nombre del tipo de soporte volumen
Código Tipo de soporte nc
505 ## - NOTA DE CONTENIDO
Nota de contenido con formato preestablecido Introducción: El significado y uso del término 'Apócrifo' - El crecimiento del canon hebreo - El primer libro de Esdras - El segundo libro de Esdras - III. Tobit - Judit - Las adiciones al libro de Ester - La sabiduría de Salomón - Eclesiástico, o la sabiduría de Jesús hijo de Eclesiástico - La oración de Manasés - El primer libro de los Macabeos - El segundo libro de los Macabeos - Los apócrifos y el nuevo testamento - Forma literaria y desarrollo doctrinal - Paralelos del Nuevo Testamento y alusiones a los Apócrifos - El significado de los paralelos y alusiones - Una breve historia de los apócrifos en la iglesia cristiana - Los apócrifos en la iglesia primitiva, hasta la Reforma - Los apócrifos y la reforma protestante - Controversias sobre el uso de los apócrifos - La penetrante influencia de los Apócrifos.
563 ## - NOTA DE ENCUADERNACIÓN
Nota de encuadernación Rústico
630 07 - TITULO UNIFORME
Título uniforme Biblia.
Nombre de parte o sección de la obra Antiguo Testamento
630 00 - TITULO UNIFORME
Título uniforme Biblia
Subdivisión de forma Introducciones
630 07 - TITULO UNIFORME
Título uniforme Biblia.
Nombre de parte o sección de la obra Apócrifos
942 ## - TIPO DE MATERIAL (KOHA)
Tipo de Item KOHA Libros General
945 ## - INFORMACIÓN LOCAL DEL REGISTRO
Catalogador JTF-925
Existencias
Estado de Material Estado de Perdido Estado de Dañado No para Préstamo Colección Tomo Biblioteca de Origen Biblioteca Permanente Fecha de Adquisición Total de Préstamos Total de Renovaciones Signatura Topográfica Código de Barras Última vez visto Última vez Préstado Ejemplar/Existencia Fecha de Remplazo Tipo de Material
        Colección General   Biblioteca FUSBC Biblioteca FUSBC 30/11/2004 1 1 G 229 M5964a 11897 12/12/2019 27/02/2017 1 26/01/2016 Libros General

Biblioteca FUSBC | Teléfono: (57+4) 349 88 10 Ext. 141| WhatsApp (+57) 3005338115 
E-mail: biblioteca@unisbc.edu.co | Calle 76 87-14 Robledo Palenque, Medellín, Colombia

Con tecnología Koha